000 00219nmm a2200085Ia 4500
008 220120s9999||||xx |||||||||||||||||und||
100 _aStevenson, William J.
245 0 _aOperations management
260 _aCengage learning
999 _c139895
_d139895